Normal view
MARC view
- ডঃ মোঃ নুরুল হক
Entry Personal Name
001 - CONTROL NUMBER
- control field: 5391
003 - CONTROL NUMBER IDENTIFIER
- control field: OSt
005 - DATE AND TIME OF LATEST TRANSACTION
- control field: 20230723064503.0
008 - FIXED-LENGTH DATA ELEMENTS
- fixed length control field: 230723|| aca||aabn | a|a d
040 ## - CATALOGING SOURCE
- Original cataloging agency: OSt
- Transcribing agency: OSt
100 ## - HEADING--PERSONAL NAME
- Personal name: ডঃ মোঃ নুরুল হক
670 ## - SOURCE DATA FOUND
- Source citation: Work cat.: (OSt)4054: হক, ডঃ মোঃ নূরুল 5390, সুনির্দিষ্ট প্র্রতিকার আইন ও আলোচনা/ , c2008
